Documentos de Estudio. Realidad Centroamericana

Uloženo v:
Podrobná bibliografie
Médium: Text
Vydáno: s.l: s.e
Tagy: Přidat tag
Žádné tagy, Buďte první, kdo vytvoří štítek k tomuto záznamu!

MARC

LEADER 00000 a a2200000 04500
001 25291
003
040
090 |a 150002  
245 |a Documentos de Estudio. Realidad Centroamericana  
260 |a s.l:   |b s.e  
300 |a pag. cortada  
999 |c 12333  |d 12333